| 000 | 00000nam##2200000za#4500 |
| 001 | 9.655091 |
| 003 | CaOODSP |
| 005 | 20200813121907 |
| 007 | ta |
| 008 | 150407|1992||||xxc||||| f|0| 0 eng|d |
| 020 | |a0-660-54872-0 |
| 040 | |aCaOODSP|beng |
| 041 | |aeng |
| 041 | |afre |
| 043 | |an-cn--- |
| 086 | 1 |aCS68-512 |
| 245 | 00|aPublic finance: historical data, 1965/66-1991/92 / |cby Statistics Canada. |
| 260 | |aOttawa - Ontario : |bStatistics Canada |c1992. |
| 300 | |a208p. : |bfigs., graphs, tables ; |c28 cm. |
| 546 | |aBilingual |
| 563 | |aSoftcover |
| 590 | |a92-14|b1992-04-03 |
| 690 | 07|aPublic finance|2gcpds |
| 690 | 07|aEconomic history|2gcpds |
| 710 | 2 |aStatistics Canada. |
| 776 | 0#|tPublic finance historical data, 1965/66-1991/92 |w(CaOODSP)9.828334 |
| 792 | |tFinances publiques: données historiques, 1965/66-1991/92 / |efre|w(CaOODSP)9.655092 |
| 986 | |aFinancial management system |